Terepgyakorlatom helyszíne KZS Mobil Car Kft, Csongrád megye, Szeged /

Elmentve itt :
Bibliográfiai részletek
Szerző: Szemán Bars
További közreműködők: Őrhalmi Szilvia
Dokumentumtípus: Cikk
Megjelent: Szegedi Tudományegyetem Juhász Gyula Pedagógusképző Kar Alkalmazott Egészségtudományi és Egészségfejlesztési Intézet Szeged 2017
Sorozat:Terep szemle
Kulcsszavak:Életmód - Magyarország - 21. sz., Egészségügy - Magyarország - 21. sz., Egészségfejlesztés, Egészségvédelem, Rekreáció, Felsőoktatás - egészségügyi - Magyarország
Tárgyszavak:
Online Access:http://acta.bibl.u-szeged.hu/53791
LEADER 01081nab a2200229 i 4500
001 acta53791
005 20260105120938.0
008 180309s2017 hu o 000 hun d
040 |a SZTE Egyetemi Kiadványok Repozitórium  |b hun 
041 |a hun 
100 1 |a Szemán Bars 
245 1 0 |a Terepgyakorlatom helyszíne  |h [elektronikus dokumentum] :  |b KZS Mobil Car Kft, Csongrád megye, Szeged /  |c  Szemán Bars 
260 |a Szegedi Tudományegyetem Juhász Gyula Pedagógusképző Kar Alkalmazott Egészségtudományi és Egészségfejlesztési Intézet  |b Szeged  |c 2017 
300 |a 58-59 
490 0 |a Terep szemle 
650 4 |a Orvos- és egészségtudomány 
650 4 |a Egészségtudományok 
650 4 |a Társadalomtudományok 
650 4 |a Oktatástudomány 
695 |a Életmód - Magyarország - 21. sz., Egészségügy - Magyarország - 21. sz., Egészségfejlesztés, Egészségvédelem, Rekreáció, Felsőoktatás - egészségügyi - Magyarország 
700 0 1 |a Őrhalmi Szilvia 
856 4 0 |u http://acta.bibl.u-szeged.hu/53791/1/terep_szemle_2017_058-059.pdf  |z Dokumentum-elérés